Praktikum k základom práva pre ekonómov

Enregistré dans:
Détails bibliographiques
Auteur principal: Holub, Dušan
Autres auteurs: Vačoková, Lenka, 1983-, Winkler, Martin, 1975-, Jurkovičová, Lujza, Veterníková, Mária, 1964-, Kropaj, Marián, 1983-, Magurová, Hana, 1986-, Slezáková, Andrea, 1980-
Format: Livre
Langue:slovaque
Publié: Bratislava Wolters Kluwer SR 2021
Édition:2. aktualizované a prepracované vydanie
Sujets:
Tags: Ajouter un tag
Pas de tags, Soyez le premier à ajouter un tag!

MARC

LEADER 00000nam a2200000 4500
001 0279176
005 20240502074332.7
020 |a 978-80-571-0397-4 
020 |a 978-80-571-0398-1 
041 0 |a slo 
044 |a SK 
245 1 0 |a Praktikum k základom práva pre ekonómov  |c Dušan Holub, Lenka Vačoková, Martin Winkler, Lujza Jurkovičová, Mária Veterníková, Marián Kropaj, Hana Magurová, Andrea Slezáková 
250 |a 2. aktualizované a prepracované vydanie 
264 1 |a Bratislava  |b Wolters Kluwer SR  |c 2021 
300 |a 151 s. [7,38 AH] 
610 2 0 |a právo 
610 2 0 |a teórie právne 
610 2 0 |a predpisy právne 
610 2 0 |a normy právne 
610 2 0 |a právo verejné 
610 2 0 |a právo súkromné 
610 2 0 |a právo štátne 
610 2 0 |a právo medzinárodné 
610 2 0 |a právo ústavné 
610 2 0 |a právo občianske 
610 2 0 |a podnikanie 
610 2 0 |a právo obchodné 
610 2 0 |a právo pracovné 
610 2 0 |a právo správne 
610 2 0 |a právo trestné 
610 2 0 |a právo finančné 
100 1 |a Holub, Dušan 
700 1 |a Vačoková, Lenka, 1983- 
700 1 |a Winkler, Martin, 1975- 
700 1 |a Jurkovičová, Lujza 
700 1 |a Veterníková, Mária, 1964- 
700 1 |a Kropaj, Marián, 1983- 
700 1 |a Magurová, Hana, 1986- 
700 1 |a Slezáková, Andrea, 1980-